| 000 | 00958nam a2200241 a 4500 | ||
|---|---|---|---|
| 001 | 000021910 | ||
| 005 | 20200930011511.0 | ||
| 008 | 100914s1973 mx a r 000 0 spa d | ||
| 040 |
_aDO-SdBNP _bspa _cBNPHU |
||
| 082 |
_a330.972 _bR462e |
||
| 100 | 1 |
_aReynolds, Clark W. _945468 |
|
| 245 | 1 | 3 |
_aLa economía mexicana : _bsu estructura y crecimiento en el siglo XX / _cClark W. Reynolds ; traducción carlos Villegas. |
| 260 |
_aMéxico, D. F. : _bFondo de Cultura Económica, _c1973. |
||
| 300 |
_a521 p. : _bil. ; _c23 cm. |
||
| 500 | _aIncluye bibliografía p. [481-503]. | ||
| 500 | _aIncluye índice analítico. | ||
| 534 |
_aTítulo original en inglés: _tThe mexican economy: twentieh-century structure and growth. |
||
| 651 | 4 |
_aMéxico _xCondiciones Económicas _ySIGLO XX _945469 |
|
| 651 | 4 |
_aMéxico _xPolítica Económica _ySIGLO XX _945470 |
|
| 650 | 4 |
_aCrecimiento económico _98530 |
|
| 700 | 1 |
_aVillegas, Carlos, _etr. _945471 |
|
| 049 | _aBNGR | ||
| 999 |
_c21408 _d21408 |
||